Environmental studies / (Record no. 67819)
[ view plain ]
| 000 -LEADER | |
|---|---|
| fixed length control field | 00452nam a22001577a 4500 |
| 005 - DATE AND TIME OF LATEST TRANSACTION | |
| control field | 20181204174758.0 |
| 020 ## - INTERNATIONAL STANDARD BOOK NUMBER | |
| International Standard Book Number | 8123408595 |
| Terms of availability | 65.00 |
| 035 ## - SYSTEM CONTROL NUMBER | |
| System control number | B-168397, B-168368, B-168392 |
| 037 ## - SOURCE OF ACQUISITION | |
| Stock number | DPL |
| Source of stock number/acquisition | ENG |
| 100 ## - MAIN ENTRY--PERSONAL NAME | |
| Personal name | Appadurai, Susila |
| 245 ## - TITLE STATEMENT | |
| Title | Environmental studies / |
| Statement of responsibility, etc | by Susila Appadurai |
| 250 ## - EDITION STATEMENT | |
| Edition statement | 2nd ed. |
| 260 ## - PUBLICATION, DISTRIBUTION, ETC. (IMPRINT) | |
| Place of publication, distribution, etc | Chennai |
| Name of publisher, distributor, etc | New Century Book House |
| Date of publication, distribution, etc | 2004 |
| 300 ## - PHYSICAL DESCRIPTION | |
| Extent | vi,174p. |
| Dimensions | 18 cms. |
| 942 ## - ADDED ENTRY ELEMENTS (KOHA) | |
| Source of classification or shelving scheme | Dewey Decimal Classification |
| Item type | English Books |
| Classification part | 363.7 |
| Call number suffix | APP |
| Withdrawn status | Lost status | Not for loan | Collection code | Home library | Current library | Date acquired | Cost, normal purchase price | Full call number | Barcode | Cost, replacement price | Koha item type | Source of acquisition |
|---|---|---|---|---|---|---|---|---|---|---|---|---|
| Non-fiction | Kadipur | Kadipur | 07/08/2019 | 65.00 | 363.7 APP | B-168389 | 65.00 | English Books | BPPD/PUB | |||
| Non-fiction | Patel Nagar | Patel Nagar | 23/07/2018 | 65.00 | 363.7 APP | B-168368 | 65.00 | English Books | BPPD/PUB | |||
| Non-fiction | Sarojini Nagar | Sarojini Nagar | 11/06/2012 | 65.00 | 363.7 APP | B-168397 | 65.00 | English Books | ||||
| Non-fiction | Sarojini Nagar | Sarojini Nagar | 12/06/2012 | 65.00 | 363.7 APP | B-168378 | 65.00 | English Books | ||||
| Non-fiction | Sarojini Nagar | Sarojini Nagar | 13/06/2012 | 65.00 | 363.7 APP | B-168398 | 65.00 | English Books | ||||
| Non-fiction | Vigyan Vihar | Vigyan Vihar | 04/12/2018 | 65.00 | 363.7 APP | B-168392 | 65.00 | English Books | BPPD/PUB |
